000 01285nam a2200337 i 4500
003 EG-GICUC
005 20260504155655.0
008 260504s1985 ua ||||fr|||| 000 0 ara d
017 _a85/2424
040 _a EG-GICUC
_bara
_c EG-GICUC
_d EG-GICUC
_erda
041 0 _aara
082 0 4 _221
_a257.4
_bع ل . ر
092 0 4 _221
099 _aLaw1 01 257.4 ع ل . ر 1985
100 0 _aعلى محمد حسنين.
_eمؤلف.
245 1 2 _aالرقابة الإدارية في الإسلام :
_bالمبدأ والتطبيق دراسة مقارنة /
_cعلى محمد حسنين.
250 _aالطبعة الأولى.
264 1 _aالقاهرة :
_bدار الثقافة للنشر والتوزيع،
_c1985.
300 _a263 صفحة، صفحات غير مرقمة ؛
_c22 سم.
336 _2rda content
_atext
337 _2rda media
_aComputer
338 _2rda carrier
_aOnline Resource
504 _aببليوجرافيا: صفحات 241-255
505 _aيشتمل على إرجاعات ببليوجرافية.
546 _aالنص باللغة العربية
650 1 _aالنظام الإداري.
_2qrmak
651 1 _2qrmak
856 4 0 _uhttps://fll.law.cu.edu.eg/fulltext/bks/B01-05689.pdf
905 _a62
942 _2ddc
_n0
_cBK
_e21
999 _c75517
_d75517